[Event "SLO-chT3 West"]
[Site "Komenda"]
[Date "2022.12.09"]
[Round "1.3"]
[White "Prodan, Eva"]
[Black "Katsyka, Ivan"]
[Result "1-0"]
[WhiteElo "1000"]
[BlackElo "1000"]
[PlyCount "103"]
[EventDate "2022.12.09"]
[EventType "team-swiss"]
[EventRounds "5"]
[EventCountry "SLO"]
[SourceTitle "EXT 2024"]
[Source "ChessBase"]
[SourceDate "2023.10.10"]
[SourceVersion "1"]
[SourceVersionDate "2023.10.10"]
[SourceQuality "1"]
[WhiteTeam "Izola"]
[BlackTeam "Val Koper"]
[WhiteTeamCountry "SLO"]
[BlackTeamCountry "SLO"]

1. d4 Nf6 2. c4 e6 3. Nf3 d5 4. Nc3 dxc4 5. e3 Bb4 6. Bd2 0-0 7. Bxc4 Nc6 8. 0-0 Re8 9. a3 Bxc3 10. Bxc3 a6 11. b4 Ng4 12. h3 Nf6 13. Re1 Nd7 14. e4 Nb6 15. Be2 f6 16. Qb3 Kh8 17. Rad1 Bd7 18. Qb1 a5 19. b5 Ne7 20. Qc1 Ng6 21. Nd2 e5 22. d5 c6 23. bxc6 bxc6 24. dxc6 Bxc6 25. Nc4 Qb8 26. Nxa5 Ba4 27. Rd3 Bb5 28. Rg3 Bxe2 29. Rxe2 Nf4 30. Rd2 Qc8 31. Kh2 Rd8 32. Rxd8+ Qxd8 33. Re3 Qc8 34. Nb3 Nc4 35. Rf3 Ne2 36. Qc2 Nxc3 37. Rxc3 Ra4 38. Nd2 Qa6 39. Nxc4 h6 40. Qd3 Kh7 41. Nb2 Qxd3 42. Rxd3 Rxe4 43. a4 Rb4 44. Rd2 g5 45. a5 Rb8 46. Nc4 Ra8 47. Ra2 Kg6 48. a6 h5 49. a7 g4 50. hxg4 hxg4 51. Nb6 Rxa7 52. Rxa7 1-0